[Event "Open Est 2015-2016"]
[Site "Aubagne"]
[Date "2015.01.16"]
[Round "6.16"]
[White "Benezra, Silke"]
[Black "Turpin, Isabelle"]
[Result "1-0"]
[WhiteElo "1364"]
[BlackElo "1260"]
[PlyCount "113"]
[EventDate "2015.10.10"]
[WhiteTeam "L'Echiquier du Roy René"]
[BlackTeam "Cercle d'Echecs Aubagnais"]

1. d4 d6 2. Nf3 Nf6 3. c4 Nbd7 4. e3 g6 5. Be2 Bg7 6. O-O b6 7. b3 O-O 8. Bb2
d5 9. Nbd2 c5 10. Rb1 Qc7 11. a3 a5 12. cxd5 Nxd5 13. Bc4 N5f6 14. dxc5 Nxc5
15. Qc1 Bg4 16. b4 Na6 17. bxa5 Rfb8 18. axb6 Qxb6 19. Bxf6 Qxf6 20. Rxb8+ Rxb8
21. Ne4 Qb6 22. Neg5 Be6 23. Bxe6 fxe6 24. Qc4 Nc7 25. Rc1 Nd5 26. Nd4 h6 27.
Ngxe6 Qb7 28. Nxg7 Kxg7 29. h3 e6 30. Nxe6+ Kf6 31. Nd4 Ra8 32. Qc6+ Qxc6 33.
Rxc6+ Ke7 34. Nc2 Kf7 35. g3 Ra7 36. Nb4 Nc7 37. Nd3 Nb5 38. Ne5+ Ke8 39. Rxg6
Rxa3 40. Rxh6 Ra1+ 41. Kg2 Ke7 42. Rg6 Nc7 43. h4 Ra5 44. Nc6+ Kf7 45. Nxa5
Kxg6 46. g4 Ne6 47. f4 Nc5 48. h5+ Kf6 49. g5+ Kf5 50. Kf3 Ne4 51. Nc4 Nxg5+
52. fxg5 Kxg5 53. Ke4 Kxh5 54. Kf5 Kh6 55. Kf6 Kh5 56. e4 Kg4 57. e5 1-0

[Event "Open Est 2015-2016"]
[Site "Aubagne"]
[Date "2016.01.16"]
[Round "6.17"]
[White "Borrini, Rodrigue"]
[Black "Shah, Darshan"]
[Result "1-0"]
[WhiteElo "1162"]
[BlackElo "1399"]
[PlyCount "95"]
[EventDate "2015.10.10"]
[WhiteTeam "L'Echiquier du Roy René"]
[BlackTeam "L'Echiquier du Roy René"]

1. d4 Nf6 2. Nf3 d6 3. e3 g6 4. Be2 Bg7 5. h3 O-O 6. O-O Bf5 7. c3 c6 8. Bd3
Qc8 9. Bxf5 Qxf5 10. Nbd2 d5 11. Re1 Re8 12. Ne5 Nbd7 13. Qf3 Qxf3 14. Ndxf3
Rad8 15. b3 Ne4 16. Bb2 f6 17. Nxd7 Rxd7 18. Rad1 e5 19. Nd2 exd4 20. exd4 Rde7
21. Nxe4 Rxe4 22. Rxe4 Rxe4 23. Kf1 h5 24. Bc1 Kf7 25. f3 Re6 26. Kf2 h4 27. a4
f5 28. Bg5 Bf6 29. Bxf6 Kxf6 30. Rd3 f4 31. c4 Rd6 32. c5 Re6 33. b4 b5 34.
cxb6 axb6 35. a5 bxa5 36. bxa5 Re7 37. Rc3 Rc7 38. a6 g5 39. Rb3 Ra7 40. Rb6
Kf5 41. Rxc6 Rd7 42. Rb6 Ra7 43. Rd6 Ra8 44. Rxd5+ Kf6 45. Rb5 Ra7 46. d5 Ke7
47. d6+ Kxd6 48. Rxg5 1-0

[Event "Open Est 2015-2016"]
[Site "Aubagne"]
[Date "2015.01.16"]
[Round "6.19"]
[White "Masson, Wally"]
[Black "San-Nicolas, Robert"]
[Result "0-1"]
[WhiteElo "1190"]
[BlackElo "1379"]
[PlyCount "56"]
[EventDate "2015.10.10"]
[WhiteTeam "Cercle d'Echecs Aubagnais"]
[BlackTeam "Cercle d'Echecs Aubagnais"]

1. e4 e6 2. d4 d5 3. e5 c5 4. c3 Nc6 5. Nf3 Qb6 6. b3 a5 7. Be3 cxd4 8. Nxd4
Nxe5 9. Bb5+ Bd7 10. Bxd7+ Nxd7 11. O-O Ngf6 12. Re1 Bc5 13. Nf5 O-O 14. Bxc5
Nxc5 15. Ne7+ Kh8 16. c4 dxc4 17. bxc4 Qc7 18. Nd5 exd5 19. cxd5 Rad8 20. Nc3
Qd7 21. Re5 Rfe8 22. Qd4 Rxe5 23. Qxe5 Re8 24. Qd4 Nce4 25. Nxe4 Rxe4 26. Qd3
Qxd5 27. Qa3 Qe5 28. Kf1 Qxa1+ 0-1

[Event "Open Est 2015-2016"]
[Site "Aubagne"]
[Date "2015.01.16"]
[Round "6.20"]
[White "Yahia Amar, Mathieu"]
[Black "Strate, Francois"]
[Result "0-1"]
[WhiteElo "1310"]
[BlackElo "1323"]
[PlyCount "48"]
[EventDate "2015.10.10"]
[WhiteTeam "L'Echiquier du Roy René"]
[BlackTeam "Sanary Echecs"]

1. d4 Nf6 2. c4 c5 3. d5 d6 4. Nc3 g6 5. Bg5 Bg7 6. Nf3 O-O 7. e4 Nbd7 8. Bd3
Re8 9. a3 a6 10. b4 Ng4 11. h3 Bxc3+ 12. Bd2 Bxa1 13. Qxa1 Nge5 14. Nxe5 Nxe5
15. Bh6 Nxd3+ 16. Ke2 Ne5 17. f4 f6 18. fxe5 fxe5 19. Rf1 e6 20. bxc5 exd5 21.
cxd6 Qxd6 22. Rd1 d4 23. Qa2 Be6 24. Kd3 b5 0-1

[Event "Open Est 2015-2016"]
[Site "Aubagne"]
[Date "2015.01.16"]
[Round "6.21"]
[White "Yahia Amar, Clement"]
[Black "Roux, Jean-Marie"]
[Result "1/2-1/2"]
[WhiteElo "1331"]
[BlackElo "1313"]
[PlyCount "48"]
[EventDate "2015.10.10"]
[WhiteTeam "L'Echiquier du Roy René"]
[BlackTeam "L'Echiquier du Roy René"]

1. e4 e5 2. Nf3 Nc6 3. Bc4 Be7 4. c3 Nf6 5. d3 O-O 6. O-O d6 7. h3 Be6 8. Bb3
Bxb3 9. axb3 Qd7 10. Re1 b6 11. d4 exd4 12. cxd4 a5 13. Nc3 Nb4 14. Bf4 c6 15.
e5 Nfd5 16. exd6 Bxd6 17. Nxd5 cxd5 18. Bxd6 Qxd6 19. Qe2 h6 20. Qe7 Qf4 21.
Red1 Rac8 22. Qb7 Rb8 23. Qe7 Rbc8 24. Qb7 Rb8 1/2-1/2

[Event "Open Est 2015-2016"]
[Site "Aubagne"]
[Date "2015.01.16"]
[Round "6.22"]
[White "Mineo, Francois"]
[Black "Boudet, Nicole"]
[Result "1-0"]
[WhiteElo "1346"]
[BlackElo "1321"]
[PlyCount "35"]
[EventDate "2015.10.10"]
[WhiteTeam "Cassis Echecs"]
[BlackTeam "Cercle d'Echecs Aubagnais"]

1. e4 c6 2. Nc3 e5 3. Bc4 Nf6 4. d3 Bb4 5. Bd2 Be7 6. Nf3 d5 7. exd5 cxd5 8.
Bb5+ Nc6 9. Nxe5 Qd6 10. Bf4 d4 11. Nxc6 Qxf4 12. Nxd4+ Bd7 13. Bxd7+ Kxd7 14.
Nce2 Qe5 15. c3 Rac8 16. Qa4+ Rc6 17. Nxc6 Re8 18. Nxe5+ 1-0

[Event "Open Est 2015-2016"]
[Site "Aubagne"]
[Date "2015.01.16"]
[Round "6.23"]
[White "Besucco, Guy"]
[Black "Evanno, Georges"]
[Result "0-1"]
[WhiteElo "1340"]
[BlackElo "1190"]
[PlyCount "141"]
[EventDate "2015.10.10"]
[WhiteTeam "La Ciotat Echecs (LCE)"]
[BlackTeam "Cercle d'Echecs Aubagnais"]

1. e4 e5 2. c4 d6 3. Nc3 c6 4. d3 Nf6 5. Be2 Be7 6. f4 Nbd7 7. f5 O-O 8. Nf3
Nh5 9. O-O Nf4 10. Bxf4 exf4 11. Qe1 Nf6 12. Kh1 Ng4 13. Nd1 Bf6 14. Rb1 Re8
15. h3 Ne5 16. Rg1 b6 17. Nf2 Nxf3 18. gxf3 Bh4 19. Rg4 Bg3 20. Qg1 d5 21. Rxg3
fxg3 22. Qxg3 Qf6 23. Ng4 Qg5 24. f4 Qd8 25. Nh6+ Kf8 26. Ng4 dxe4 27. Rd1 Bxf5
28. Ne5 Qd6 29. Kh2 Re6 30. dxe4 Qe7 31. exf5 Rf6 32. Nd7+ Kg8 33. Nxf6+ Qxf6
34. Qd3 Re8 35. Rd2 h6 36. Qd7 Rf8 37. Bf3 Qh4 38. Qd6 Qe1 39. Bxc6 Qb1 40. Rg2
Qxf5 41. Qxh6 g6 42. Rg4 Rd8 43. Rh4 Rd2+ 44. Bg2 Qf6 45. Qh7+ Kf8 46. Qh8+ Ke7
47. Qxf6+ Kxf6 48. Kg3 Rxb2 49. a4 Rc2 50. Bd5 Ra2 51. Bc6 Rb2 52. f5 Rb1 53.
fxg6 Rg1+ 54. Bg2 fxg6 55. Kh2 Ra1 56. Rf4+ Ke5 57. Rg4 Kf6 58. Rf4+ Kg5 59.
Rd4 Rxa4 60. Bc6 Rb4 61. Rd5+ Kf4 62. Rd4+ Ke3 63. Rg4 Rb2+ 64. Kg3 Rc2 65. Bb5
Rc1 66. Kh4 Rf1 67. Rxg6 Rf4+ 68. Rg4 Rf6 69. Kg5 Rf8 70. h4 Rg8+ 71. Kh6 0-1

[Event "Open Est 2015-2016"]
[Site "Aubagne"]
[Date "2015.01.16"]
[Round "6.24"]
[White "Timoner, Genevieve"]
[Black "Rieu, Jean"]
[Result "0-1"]
[WhiteElo "1140"]
[BlackElo "1251"]
[PlyCount "112"]
[EventDate "2015.10.10"]
[WhiteTeam "Club d'Echecs Pennois (CEP)"]
[BlackTeam "U.S.C.M."]

1. c4 b6 2. Nc3 e6 3. Nf3 Bb4 4. Qc2 Nf6 5. g3 Bb7 6. Bg2 Nc6 7. d3 Rb8 8. Bd2
Bc5 9. O-O Nd4 10. Qd1 Ng4 11. Ne4 Bxe4 12. Be3 Bxf3 13. Bxf3 Nxf3+ 14. exf3
Bxe3 15. fxg4 Bd4 16. Qd2 Qf6 17. Rab1 h5 18. h3 h4 19. Kg2 g5 20. b3 Qh6 21.
Rbe1 hxg3 22. fxg3 Qxh3+ 23. Kf3 Qh6 24. Rh1 Qf6+ 25. Kg2 Rxh1 26. Rxh1 Ke7 27.
Rf1 Qh6 28. Rh1 Qg6 29. Rh5 Bf6 30. Qe3 Rh8 31. Rh1 Rxh1 32. Kxh1 Qh6+ 33. Kg2
c5 34. Qe4 Qg7 35. Qb7 Ba1 36. Qxa7 Qb2+ 37. Kf3 f5 38. gxf5 g4+ 39. Kxg4 Qe2+
40. Kg5 Bf6+ 41. Kg6 Qg4+ 42. Kh7 Qxf5+ 43. Kh6 Bg5+ 44. Kh5 Bd2+ 45. Kh4 Qh7+
46. Kg4 Qg6+ 47. Kh3 Be1 48. Qc7 Qh5+ 49. Kg2 Qe2+ 50. Kh3 Qf1+ 51. Kg4 Qf5+
52. Kh4 Bd2 53. Qxb6 Bg5+ 54. Kh5 Kf7 55. a4 Bd8+ 56. Kh6 Qg6# 0-1

[Event "Open Est 2015-2016"]
[Site "Aubagne"]
[Date "2015.01.16"]
[Round "6.25"]
[White "Denis, Karine"]
[Black "Catanese, Sauveur"]
[Result "1-0"]
[WhiteElo "1210"]
[BlackElo "1130"]
[PlyCount "57"]
[EventDate "2015.10.10"]
[WhiteTeam "Marseille Passion Echecs"]
[BlackTeam "Cercle d'Echecs Aubagnais"]

1. e4 d6 2. Bc4 Nf6 3. Nc3 Nc6 4. Nf3 h6 5. d4 e6 6. d5 Ne5 7. Bb5+ Bd7 8. dxe6
Nxf3+ 9. Qxf3 fxe6 10. O-O c6 11. Bd3 Qe7 12. Re1 e5 13. Bd2 O-O-O 14. Qe3 Kb8
15. h3 g5 16. Be2 Qg7 17. g4 Be6 18. Na4 d5 19. exd5 Nxd5 20. Qg3 Nb4 21. Bd3
Nxd3 22. cxd3 Bd6 23. Bc3 b5 24. Bxe5 Bxe5 25. Rxe5 bxa4 26. Rxe6+ Kc8 27.
Rxc6+ Kd7 28. Qc7+ Ke8 29. Re1+ 1-0

[Event "Open Est 2015-2016"]
[Site "Aubagne"]
[Date "2015.??.16"]
[Round "6.26"]
[White "Pietrac, Christian"]
[Black "Lognos, Lina"]
[Result "1-0"]
[WhiteElo "1200"]
[BlackElo "1067"]
[PlyCount "129"]
[EventDate "2015.10.10"]
[WhiteTeam "Club d'Echecs de Miramas"]
[BlackTeam "Cercle d'Echecs Aubagnais"]

1. Nf3 c5 2. d3 Nc6 3. g3 Nf6 4. Bg2 g6 5. c3 d6 6. Nbd2 Bg7 7. O-O O-O 8. e4
b5 9. Re1 a5 10. a4 b4 11. c4 Bg4 12. Nb3 Qd7 13. Ra2 Bh3 14. e5 Bxg2 15. Kxg2
Ng4 16. exd6 Qxd6 17. Bf4 e5 18. Be3 Nxe3+ 19. Rxe3 Nd4 20. Nfxd4 exd4 21. Re4
Rfe8 22. Rxe8+ Rxe8 23. Nxa5 Qa6 24. Nb3 Qa8+ 25. Kg1 Re5 26. a5 Re6 27. Nxc5
Re5 28. Nb3 Re6 29. Ra1 Bf8 30. Qd2 Qa7 31. Re1 Qa6 32. Kf1 Qa8 33. Kg1 Qa7 34.
Rxe6 fxe6 35. Qe2 Kf7 36. Qe5 Bg7 37. Qb5 Bf8 38. a6 Be7 39. Qb7 Qxb7 40. axb7
Bd6 41. Nxd4 Ke7 42. c5 Bc7 43. f4 Kd7 44. Kf2 Bb8 45. Ke3 Ba7 46. Ke4 Bb8 47.
Nb3 Bc7 48. Na5 Bb8 49. Kd4 Ba7 50. Kc4 b3 51. Nxb3 Kc7 52. Na5 Bb8 53. b4 Kd7
54. b5 e5 55. fxe5 Bxe5 56. Kd5 Bb8 57. b6 h5 58. c6+ Ke7 59. c7 Kd7 60. cxb8=Q
g5 61. Qd6+ Ke8 62. b8=R+ Kf7 63. Rb7+ Ke8 64. Qd7+ Kf8 65. Rb8# 1-0

[Event "Open Est 2015-2016"]
[Site "Aubagne"]
[Date "2015.01.16"]
[Round "6.27"]
[White "Pentcheff, Laura"]
[Black "Auguste, Yvan"]
[Result "1-0"]
[WhiteElo "1190"]
[BlackElo "1050"]
[PlyCount "77"]
[EventDate "2015.10.10"]
[WhiteTeam "Cassis Echecs"]
[BlackTeam "Cercle d'Echecs Aubagnais"]

1. Nf3 Nc6 2. g3 e6 3. Bg2 d5 4. O-O Nf6 5. d3 Bc5 6. Bf4 d4 7. Nbd2 O-O 8. c4
a6 9. Nb3 b5 10. Nxc5 Re8 11. Ne5 Ne7 12. Bxa8 h6 13. cxb5 axb5 14. Qb3 g5 15.
Bd2 Qd6 16. Nb7 Qxe5 17. f4 Qxe2 18. Ba5 Bd7 19. h3 Rxa8 20. g4 Bc6 21. Rf2 Qe3
22. Qd1 Bxb7 23. Bxc7 Qxh3 24. Rh2 Qg3+ 25. Kf1 Qxh2 26. Ke1 Ned5 27. Be5 Nxf4
28. Bxf6 Nxd3+ 29. Qxd3 Qh1+ 30. Qf1 Qe4+ 31. Kd1 Qxg4+ 32. Kd2 Bd5 33. Qf2
Bxa2 34. Bxd4 Qf4+ 35. Ke2 Qe4+ 36. Kd2 Qd5 37. Qf6 Qg2+ 38. Kc3 Ra4 39. Qg7#
1-0

[Event "Open Est 2015-2016"]
[Site "Aubagne"]
[Date "2015.01.16"]
[Round "6.28"]
[White "Yahia Amar, Pierre"]
[Black "Pegon, Claude"]
[Result "1-0"]
[WhiteElo "1060"]
[BlackElo "1090"]
[PlyCount "63"]
[EventDate "2015.10.10"]
[WhiteTeam "L'Echiquier du Roy René"]
[BlackTeam "La Ciotat Echecs (LCE)"]

1. e4 c5 2. c3 d6 3. d4 Qa5 4. Bd2 Qb6 5. c4 Qxb2 6. Nc3 Qa3 7. Nb5 Qb2 8. Bc3
Qxa1 9. Bxa1 Na6 10. Qa4 Bd7 11. Qa5 Bc6 12. d5 Bd7 13. Nc7+ Nxc7 14. Qxc7 b6
15. Qb7 Rc8 16. Qxa7 Nf6 17. Qxb6 Nxe4 18. Bd3 Ng5 19. Ne2 f6 20. Nc3 e6 21.
Nb5 Nf7 22. O-O Be7 23. Nc7+ Kf8 24. Rb1 g6 25. Re1 e5 26. Qb7 Nd8 27. Qa7 Kf7
28. Na6 Ba4 29. Rb1 Re8 30. Nc7 Rf8 31. Ne6 Nxe6 32. Qxa4 1-0

[Event "Open Est 2015-2016"]
[Site "Aubagne"]
[Date "2015.01.16"]
[Round "6.27"]
[White "Belaid, Noa"]
[Black "Shar, Marmik"]
[Result "1/2-1/2"]
[WhiteElo "1190"]
[BlackElo "1191"]
[PlyCount "103"]
[EventDate "2015.10.10"]
[WhiteTeam "Cassis Echecs"]
[BlackTeam "Cercle d'Echecs Aubagnais"]

1. e4 c5 2. Bc4 d6 3. Nf3 Nc6 4. Nc3 Nf6 5. d3 g6 6. Be3 Bg7 7. Ng5 e6 8. h3 a6
9. O-O O-O 10. Nf3 b5 11. Bb3 b4 12. Ne2 a5 13. a4 Nd7 14. c3 bxc3 15. bxc3 Rb8
16. Rc1 Qb6 17. Rb1 Qc7 18. d4 Rd8 19. Ba2 Ba6 20. Re1 Bxe2 21. Qxe2 Rxb1 22.
Rxb1 Rb8 23. Qf1 Rxb1 24. Qxb1 cxd4 25. cxd4 Nb4 26. Bb3 Nb6 27. Qc1 Qxc1+ 28.
Bxc1 Kf8 29. Bd2 Ke7 30. Bxb4 axb4 31. a5 Na8 32. e5 dxe5 33. dxe5 f5 34. g4
fxg4 35. hxg4 h5 36. gxh5 gxh5 37. Kh2 Nc7 38. Kh3 Kf7 39. Kh4 Kg6 40. Ng5 Bxe5
41. Nxe6 Nxe6 42. Bxe6 Kf6 43. Bb3 Bd4 44. Kxh5 Bxf2 45. a6 Ba7 46. Kg4 Ke5 47.
Kf3 Kd4 48. Ba2 Kc3 49. Ke2 Kb2 50. Bf7 Ka3 51. Kd3 b3 52. Bxb3 1/2-1/2

[Event "Open Est 2015-2016"]
[Site "Aubagne"]
[Date "2015.01.16"]
[Round "6.30"]
[White "Salvi, Angele"]
[Black "Richert, Sebastien"]
[Result "0-1"]
[WhiteElo "1090"]
[BlackElo "1399"]
[PlyCount "48"]
[EventDate "2015.10.10"]
[WhiteTeam "Cercle d'Echecs Aubagnais"]
[BlackTeam "Cercle d'Echecs Aubagnais"]

1. e4 e5 2. Nf3 Nc6 3. d4 exd4 4. Nxd4 Nxd4 5. Qxd4 b6 6. Be3 Nf6 7. f3 Bc5 8.
Qd2 Bxe3 9. Qxe3 O-O 10. Bd3 Bb7 11. Nc3 Re8 12. g4 d5 13. Qd4 dxe4 14. Nxe4
Qxd4 15. O-O-O Nxe4 16. Bxe4 Qe3+ 17. Kb1 Bxe4 18. fxe4 Rxe4 19. Rd3 Qg5 20. h3
Rae8 21. Rdd1 Qe5 22. Kc1 Qf4+ 23. Kb1 Re2 24. Rhf1 Qxf1 0-1

[Event "Open Est 2015-2016"]
[Site "Aubagne"]
[Date "2015.01.16"]
[Round "6.31"]
[White "Rando, Mathias"]
[Black "Mauger, Renaud"]
[Result "1-0"]
[WhiteElo "1180"]
[BlackElo "1399"]
[PlyCount "47"]
[EventDate "2015.10.10"]
[WhiteTeam "Club Provence Echecs"]
[BlackTeam "Cercle d'Echecs Aubagnais"]

1. d4 g6 2. Nf3 d6 3. e3 Nf6 4. Bd3 Bg7 5. O-O O-O 6. Bd2 Nc6 7. Nc3 Re8 8. Re1
Bg4 9. h3 Be6 10. Qc1 a6 11. e4 Bd7 12. e5 Nd5 13. Nxd5 e6 14. Nc3 a5 15. Bg5
Ne7 16. Bf6 Qb8 17. Qf4 Nd5 18. Nxd5 exd5 19. Bxg7 Kxg7 20. Ng5 Rf8 21. Qf6+
Kh6 22. Be4 dxe4 23. Rxe4 Qd8 24. Rh4# 1-0

[Event "Open Est 2015-2016"]
[Site "Aubagne"]
[Date "2015.01.16"]
[Round "6.32"]
[White "Hristov, Ina"]
[Black "Belaid, Myriam"]
[Result "1-0"]
[WhiteElo "1210"]
[BlackElo "1399"]
[PlyCount "45"]
[EventDate "2015.10.10"]
[WhiteTeam "Marseille Passion Echecs"]
[BlackTeam "Club Provence Echecs"]

1. e4 e5 2. Bc4 Nc6 3. Nf3 Nf6 4. Nc3 Be7 5. d3 d6 6. Nb1 Bd7 7. Be3 b6 8. Nbd2
Qb8 9. O-O O-O 10. Ng5 b5 11. Bb3 Be6 12. Qf3 h6 13. Nh3 Qb7 14. Qg3 g6 15.
Bxe6 fxe6 16. Qxg6+ Kh8 17. Qxh6+ Nh7 18. Bg5 Qb6 19. Rfe1 d5 20. Re3 Bc5 21.
Rg3 dxe4 22. Bf6+ Rxf6 23. Qg7# 1-0

[Event "Open Est 2015-2016"]
[Site "Aubagne"]
[Date "2015.01.16"]
[Round "6.33"]
[White "Gianfranceschi, Gerard"]
[Black "Garbe, Georges"]
[Result "0-1"]
[WhiteElo "1030"]
[BlackElo "1264"]
[PlyCount "66"]
[EventDate "2015.10.10"]
[WhiteTeam "Cercle d'Echecs Aubagnais"]
[BlackTeam "Cercle d'Echecs Aubagnais"]

1. e4 c5 2. d3 Nc6 3. f4 d6 4. Nf3 Nf6 5. e5 dxe5 6. fxe5 Nd5 7. c4 Nb6 8. Be2
g6 9. O-O Bg7 10. Bf4 O-O 11. Nc3 a6 12. a3 Rb8 13. b4 cxb4 14. axb4 Nxb4 15.
Rb1 Nc6 16. c5 Nd5 17. Nxd5 Qxd5 18. d4 f6 19. e6 Ra8 20. Bd6 exd6 21. cxd6
Qxd6 22. d5 Ne7 23. Bc4 Nf5 24. Re1 Qc5+ 25. Kf1 Qxc4+ 26. Re2 Ne3+ 27. Ke1
Nxd1 28. Rxd1 b5 29. e7 Re8 30. d6 Bd7 31. Rd4 Qc3+ 32. Nd2 Qxd4 33. Re4 Qxd6
0-1

[Event "Open Est 2015-2016"]
[Site "Aubagne"]
[Date "2015.01.16"]
[Round "6.34"]
[White "Naam, Shedy"]
[Black "Maumi, Helio"]
[Result "0-1"]
[WhiteElo "1070"]
[BlackElo "1240"]
[PlyCount "28"]
[EventDate "2015.10.10"]
[WhiteTeam "Cassis Echecs"]
[BlackTeam "Marseille Passion Echecs"]

1. d4 d5 2. Nf3 Bf5 3. Nc3 Nf6 4. e4 dxe4 5. Bb5+ c6 6. Bc4 exf3 7. gxf3 e6 8.
Bg5 h6 9. Bf4 Bd6 10. O-O Bxf4 11. b3 Bh3 12. Re1 Nd5 13. Qe2 Qg5+ 14. Kh1 Qg2#
0-1

[Event "Open Est 2015-2016"]
[Site "Aubagne"]
[Date "2015.01.16"]
[Round "6.35"]
[White "Yahia-Amar, Hocine"]
[Black "Periale, Francine"]
[Result "1-0"]
[WhiteElo "1090"]
[BlackElo "1146"]
[PlyCount "71"]
[EventDate "2015.10.10"]
[WhiteTeam "L'Echiquier du Roy René"]
[BlackTeam "Cercle d'Echecs Aubagnais"]

1. e4 c5 2. Bb5 g6 3. c3 a6 4. Bc4 e6 5. d4 Nc6 6. d5 Ne5 7. b3 b5 8. Be2 Bb7
9. Nf3 Bd6 10. Bf4 f6 11. Nbd2 exd5 12. exd5 Bxd5 13. c4 Bc6 14. Nxe5 fxe5 15.
Be3 Bxg2 16. Rg1 Bc6 17. Bf3 Qe7 18. Ne4 Bxe4 19. Bxe4 Rc8 20. Bb7 Rc7 21. Bxa6
b4 22. a3 e4 23. Rg2 Ra7 24. axb4 Rxa6 25. Rxa6 Bc7 26. Ra8+ Kf7 27. Bxc5 d6
28. Qd5+ Kf6 29. Bd4+ Qe5 30. Bxe5+ dxe5 31. Qxe4 Bd6 32. c5 Bc7 33. Qc6+ Kf5
34. Rf8+ Nf6 35. Qxf6+ Ke4 36. Rxh8 1-0

[Event "Open Est 2015-2016"]
[Site "Aubagne"]
[Date "2015.01.16"]
[Round "6.36"]
[White "Denis, Alexandra"]
[Black "Sid, Alexander"]
[Result "1-0"]
[WhiteElo "1131"]
[BlackElo "1020"]
[PlyCount "71"]
[EventDate "2015.10.10"]
[WhiteTeam "Marseille Passion Echecs"]
[BlackTeam "Club Provence Echecs"]

1. e4 e5 2. Nf3 Nc6 3. Bc4 Bc5 4. b4 Bb6 5. a4 Bd4 6. c3 b5 7. axb5 Bb6 8. bxc6
dxc6 9. Nxe5 Nh6 10. d4 O-O 11. Bxh6 gxh6 12. Qf3 Be6 13. Qg3+ Qg5 14. Qxg5+
hxg5 15. Nd2 Bxc4 16. Ndxc4 f6 17. Nxc6 Rfe8 18. Nxb6 cxb6 19. O-O Rxe4 20.
Nxa7 Re7 21. Nc6 Ree8 22. Rxa8 Rxa8 23. Re1 Kg7 24. Re7+ Kg6 25. g3 Ra1+ 26.
Kg2 Rc1 27. Re6 Rxc3 28. Ne5+ Kg7 29. Nf3 Kg6 30. Rxb6 Rc4 31. d5 Rc8 32. Nxg5
h6 33. Ne4 Rf8 34. d6 Rf7 35. Rc6 f5 36. d7+ 1-0

[Event "Open Est 2015-2016"]
[Site "Aubagne"]
[Date "2015.01.16"]
[Round "6.38"]
[White "Soulet, Kylian"]
[Black "Tramarin, Mattteo"]
[Result "0-1"]
[WhiteElo "1030"]
[BlackElo "1099"]
[PlyCount "48"]
[EventDate "2015.10.10"]
[WhiteTeam "Cassis Echecs"]
[BlackTeam "Cercle d'Echecs Aubagnais"]

1. d4 d5 2. Nf3 Nc6 3. Nc3 Nf6 4. Bf4 Ne4 5. Rg1 e6 6. Nb5 Bb4+ 7. c3 Bd6 8.
Bg5 f6 9. Bh4 e5 10. Bg3 O-O 11. Qb3 Be6 12. Nh4 a6 13. Nxd6 Nxg3 14. Nxb7 Qe7
15. hxg3 exd4 16. cxd4 Qb4+ 17. Qxb4 Nxb4 18. a3 Nc2+ 19. Kd1 Nxa1 20. Rh1 Rab8
21. Nd6 Rxb2 22. Kc1 Rfb8 23. e3 Rc2+ 24. Kd1 Rb1# 0-1

[Event "Open Est 2015-2016"]
[Site "Aubagne"]
[Date "2016.02.05"]
[Round "7.1"]
[White "Telouk, Olivier"]
[Black "Cavanihac, Claude"]
[Result "1-0"]
[WhiteElo "1836"]
[BlackElo "1528"]
[PlyCount "89"]
[EventDate "2015.10.10"]
[WhiteTeam "Cassis Echecs"]
[BlackTeam "Cercle d'Echecs Aubagnais"]

1. d4 Nf6 2. c4 e6 3. Nc3 d5 4. Nf3 Be7 5. e3 c6 6. Bd3 dxc4 7. Bxc4 b5 8. Bd3
Bb7 9. O-O O-O 10. e4 b4 11. Na4 Ba6 12. Bxa6 Nxa6 13. Ne5 Qc7 14. Qe2 Nb8 15.
Bf4 Bd6 16. Rac1 Nfd7 17. Nxd7 Nxd7 18. e5 Be7 19. Qg4 Kh8 20. Rfe1 f5 21. exf6
Nxf6 22. Bxc7 Nxg4 23. f3 Nf6 24. Rxe6 Nd5 25. Be5 Rac8 26. Rexc6 Rxc6 27. Rxc6
Kg8 28. Ra6 Ra8 29. Ra5 Ne3 30. b3 Nd1 31. d5 Bf6 32. Bxf6 gxf6 33. Kf1 Rd8 34.
Ke2 Nc3+ 35. Nxc3 bxc3 36. Kd3 Rd7 37. Kxc3 h6 38. Kd4 Kg7 39. Ra6 Kg6 40. Rc6
Kg5 41. d6 Kf5 42. Kd5 Rb7 43. Rc7 Rb5+ 44. Kc6 Rb4 45. d7 1-0

[Event "Open Est 2015-2016"]
[Site "Aubagne"]
[Date "2016.03.05"]
[Round "7.3"]
[White "Gamblin, Antoine"]
[Black "Benezra, Esther"]
[Result "1/2-1/2"]
[WhiteElo "1642"]
[BlackElo "1757"]
[PlyCount "97"]
[EventDate "2015.10.10"]
[WhiteTeam "Marseille Echecs"]
[BlackTeam "L'Echiquier du Roy René"]

1. e4 e5 2. Nf3 Nc6 3. Bb5 a6 4. Ba4 Nf6 5. O-O b5 6. Bb3 Bc5 7. a4 Rb8 8. Na3
d6 9. c3 O-O 10. d4 Ba7 11. h3 b4 12. dxe5 Nxe4 13. Nc4 dxe5 14. cxb4 Qxd1 15.
Bxd1 f6 16. b5 Nb4 17. b3 Ng3 18. Ba3 Nxf1 19. Bxb4 c5 20. b6 Bxb6 21. Nxb6
cxb4 22. Nxc8 Rbxc8 23. Kxf1 Rfd8 24. Ke2 Kf7 25. Ra2 Rd6 26. Rd2 Rxd2+ 27.
Nxd2 Rc3 28. Nc4 Ke6 29. Ne3 f5 30. Kd2 f4 31. Nc2 a5 32. Na1 Kd5 33. Be2 e4
34. Bc4+ Kc5 35. Nc2 g5 36. Ne1 Kd4 37. Nc2+ Ke5 38. Ne1 e3+ 39. fxe3 fxe3+ 40.
Ke2 Kf4 41. Nd3+ Kg3 42. Bd5 h5 43. Kxe3 Rc2 44. Be4 h4 45. Bd5 Rc3 46. Kd2 Rc8
47. Bf3 Rc3 48. Bd5 Rc8 49. Bf3 1/2-1/2

[Event "Open Est 2015-2016"]
[Site "Aubagne"]
[Date "2016.03.05"]
[Round "7.4"]
[White "Bohli, Adam"]
[Black "Hunault, Francis"]
[Result "1-0"]
[WhiteElo "1618"]
[BlackElo "1386"]
[PlyCount "73"]
[EventDate "2015.10.10"]
[WhiteTeam "Marseille Echecs"]
[BlackTeam "Cercle d'Echecs Aubagnais"]

1. d4 Nf6 2. Bg5 e6 3. e4 Be7 4. Bxf6 Bxf6 5. e5 Be7 6. Qg4 g6 7. Nd2 c5 8.
dxc5 Bxc5 9. Ne4 Be7 10. O-O-O Qa5 11. Bc4 Qxe5 12. Nf3 Qg7 13. Nd6+ Bxd6 14.
Rxd6 Nc6 15. Re1 a6 16. Qf4 Na5 17. Ne5 Nxc4 18. Nxc4 b5 19. Nb6 g5 20. Qg3 Rb8
21. Rdxe6+ fxe6 22. Qxb8 O-O 23. Nxc8 Qf6 24. Qc7 Qd8 25. Qxd8 Rxd8 26. Nd6 Kf8
27. Re5 h6 28. Rc5 Ke7 29. Ne4 d5 30. Rc7+ Rd7 31. Rxd7+ Kxd7 32. Nc5+ Kd6 33.
Nxa6 e5 34. Nb4 Kc5 35. Nd3+ Kd4 36. Kd2 e4 37. c3+ 1-0

[Event "Open Est 2015-2016"]
[Site "Aubagne"]
[Date "2016.03.05"]
[Round "7.5"]
[White "Gomez, Guy"]
[Black "Cureau, Dominique"]
[Result "1-0"]
[WhiteElo "1657"]
[BlackElo "1410"]
[PlyCount "125"]
[EventDate "2015.10.10"]
[WhiteTeam "Cercle d'Echecs Aubagnais"]
[BlackTeam "Echiquier Marseillais 1872"]

1. e4 c5 2. Nf3 Nc6 3. Bc4 e6 4. a3 Nf6 5. d3 a6 6. Bg5 Be7 7. Nbd2 b5 8. Ba2
O-O 9. Nb3 d6 10. c3 c4 11. Nbd4 Nxd4 12. cxd4 cxd3 13. Qxd3 Bb7 14. Bxf6 Bxf6
15. O-O g6 16. Rad1 Qe7 17. b4 Rfd8 18. Qe3 Rac8 19. e5 dxe5 20. Nxe5 Bg5 21.
f4 Bh6 22. Qg3 Rc2 23. Bb3 Rxg2+ 24. Qxg2 Bxg2 25. Kxg2 Qb7+ 26. Rf3 Bxf4 27.
Ng4 Bg5 28. Kg3 Qc7+ 29. Kg2 Kg7 30. Rdf1 Rf8 31. Bxe6 Qc6 32. d5 Qc2+ 33. Kh3
f6 34. R1f2 Qc7 35. Rd3 Qd6 36. Rc2 h5 37. Nf2 Qf4 38. d6 f5 39. Kg2 Qe5 40.
Bb3 f4 41. Rc5 Qf6 42. Kf3 Bh4 43. Ne4 Qb2 44. Nd2 Qxa3 45. Rc7+ Kh6 46. Rh7+
Kg5 47. Ne4+ Kf5 48. Be6+ Kxe6 49. Rxa3 Ra8 50. d7 Kf5 51. Rf7+ Ke6 52. Rxf4
Bd8 53. Nc5+ Ke7 54. Re4+ Kf7 55. Re8 g5 56. Nb7 g4+ 57. Kg2 Ra7 58. Nxd8+ Kf6
59. Re6+ Kf5 60. Rd3 a5 61. Rd5+ Kf4 62. Nb7 Rxb7 63. d8=Q 1-0

[Event "Open Est 2015-2016"]
[Site "Aubagne"]
[Date "2016.03.05"]
[Round "7.6"]
[White "Ghazarian, David"]
[Black "Aghababian, Arthur"]
[Result "1-0"]
[WhiteElo "1485"]
[BlackElo "1390"]
[PlyCount "107"]
[EventDate "2015.10.10"]
[WhiteTeam "Marseille Echecs"]
[BlackTeam "Sanary Echecs"]

1. e4 e6 2. Nc3 d5 3. d4 Bb4 4. exd5 exd5 5. Bd2 Nc6 6. Nf3 Nge7 7. a3 Ba5 8.
h3 Bb6 9. Bf4 O-O 10. Bd3 Bf5 11. Na4 Bxd4 12. Nxd4 Nxd4 13. Bxf5 Ndxf5 14. O-O
c6 15. Re1 Re8 16. Bg5 f6 17. Bf4 b6 18. Qg4 Qd7 19. Bh6 Ng6 20. Bxg7 Kxg7 21.
h4 c5 22. b3 Kf7 23. Qh5 Rh8 24. c4 d4 25. Re4 Rae8 26. Rxe8 Kxe8 27. Re1+ Kf7
28. Nb2 Kg7 29. Qg4 h5 30. Qh3 Ngxh4 31. Nd3 Ng6 32. Re4 Kf7 33. Nf4 h4 34. Nd5
b5 35. a4 bxc4 36. bxc4 Ne5 37. f4 Re8 38. fxe5 Rxe5 39. Rxh4 Re1+ 40. Kh2 Qd6+
41. Rf4 Ng7 42. Qg3 Re6 43. a5 Nh5 44. Qh4 Nxf4 45. Qh7+ Ke8 46. Nc7+ Kd8 47.
Nxe6+ Nxe6+ 48. g3 d3 49. Qg8+ Kd7 50. Qh7+ Qe7 51. Qxd3+ Kc7 52. a6 Kb6 53.
Qb3+ Kxa6 54. Qb5# 1-0